Executive selection : Strategies for success

Success at the top is about more than getting results. It is also about building positive relationships. This book gives us the first definitive road map to choosing leaders who are good at both

Gardado en:
Detalles Bibliográficos
Autor Principal: Sessa, Valerie I.
Formato: Libro
Idioma:Undetermined
Publicado: San Francisco Jossey-Bass Publishers 2000
Những chủ đề:
Các nhãn: Engadir etiqueta
Sen Etiquetas, Sexa o primeiro en etiquetar este rexistro!
Thư viện lưu trữ: Trung tâm Học liệu Trường Đại học Cần Thơ
LEADER 00928nam a2200229Ia 4500
001 CTU_157313
008 210402s9999 xx 000 0 und d
020 |c 45 
082 |a 658.407112 
082 |b S493 
100 |a Sessa, Valerie I. 
245 0 |a Executive selection : 
245 0 |b Strategies for success 
245 0 |c Valerie I. Sessa, Jodi J. Taylor.Valerie I. Sessa and Jodi J. Taylor 
260 |a San Francisco 
260 |b Jossey-Bass Publishers 
260 |c 2000 
520 |a Success at the top is about more than getting results. It is also about building positive relationships. This book gives us the first definitive road map to choosing leaders who are good at both 
650 |a Executives,Thành viên hội đồng quản trị 
650 |x Selection and appointment,Tuyển chọn và bổ nhiệm 
904 |i Nguyên 
980 |a Trung tâm Học liệu Trường Đại học Cần Thơ